[Event "Hessen-ch Seniors op 01st"]
[Site "Bad Sooden-Allendorf"]
[Date "2005.04.29"]
[Round "8"]
[White "Eichhorn, Dietmar"]
[Black "Strozewski, Guenter"]
[Result "1/2-1/2"]
[WhiteElo "1660"]
[BlackElo "1715"]
[PlyCount "121"]
[EventDate "2005.04.22"]
[EventType "swiss"]
[EventRounds "9"]
[EventCountry "GER"]
[SourceTitle "EXT 2007"]
[Source "ChessBase"]
[SourceDate "2006.11.23"]
[SourceVersion "1"]
[SourceVersionDate "2006.11.23"]
[SourceQuality "1"]

1. d4 Nf6 2. Nf3 e6 3. e3 b6 4. c4 Bb7 5. Nc3 Bb4 6. Bd2 a5 7. Be2 h6 8. 0-0 d5 9. Ne5 Bd6 10. Qa4+ c6 11. Nf3 dxc4 12. Qc2 b5 13. Ne4 Nxe4 14. Qxe4 Qc7 15. Qc2 c5 16. h3 Nd7 17. a4 cxd4 18. Nxd4 bxa4 19. Qxa4 0-0 20. Nb5 Qc5 21. Nxd6 Qxd6 22. Rfd1 Nb6 23. Qc2 a4 24. Ba5 Qc5 25. Bxb6 Qxb6 26. Ra3 Rfc8 27. Rd4 Bd5 28. Rd2 Qb4 29. Rd4 f5 30. f3 Qa5 31. Kf2 e5 32. Rd1 g6 33. Rda1 Qb4 34. Rxa4 Rxa4 35. Rxa4 Qb3 36. Bd1 Qxc2+ 37. Bxc2 Rb8 38. Ke1 Rxb2 39. Kd1 Kf7 40. Kc1 Rb8 41. Kd2 Kf6 42. Ra6+ Kg5 43. Ra5 Rd8 44. Ke2 e4 45. fxe4 Be6 46. exf5 gxf5 47. e4 Kf4 48. exf5 Bf7 49. Ra3 h5 50. Re3 h4 51. Re4+ Kg5 52. Rg4+ Kh5 53. Ke3 c3 54. Rd4 Rc8 55. Rd7 Bc4 56. Kf4 Kh6 57. f6 Bg8 58. f7 Rf8 59. Rd6+ Kg7 60. Rg6+ Kxf7 61. Rc6 1/2-1/2

[Event "Bad Sooden-Allendorf Seniors op 15th"]
[Site "Bad Sooden-Allendorf"]
[Date "2003.05.07"]
[Round "9"]
[White "Schindhelm, Kurt"]
[Black "Eichhorn, Dietmar"]
[Result "1/2-1/2"]
[WhiteElo "1657"]
[BlackElo "1669"]
[PlyCount "76"]
[EventDate "2003.05.??"]
[EventType "swiss"]
[EventRounds "9"]
[EventCountry "GER"]
[SourceTitle "EXT 2006"]
[Source "ChessBase"]
[SourceDate "2005.11.24"]
[SourceVersion "1"]
[SourceVersionDate "2005.11.24"]
[SourceQuality "1"]

1. e4 e5 2. Bc4 Nf6 3. d3 Be7 4. Ne2 Nc6 5. 0-0 Na5 6. Bb3 Nxb3 7. axb3 0-0 8. f4 d6 9. Nbc3 Bg4 10. f5 d5 11. h3 Bxe2 12. Qxe2 Bc5+ 13. Kh2 h6 14. g4 dxe4 15. Nxe4 Nxe4 16. Qxe4 c6 17. Be3 Bxe3 18. Qxe3 Qd4 19. Qxd4 exd4 20. b4 a6 21. Rf4 Rad8 22. Re1 Rfe8 23. Rfe4 Kf8 24. Kg3 Rxe4 25. Rxe4 Rd5 26. Kf4 f6 27. Kf3 Kf7 28. Ke2 g6 29. fxg6+ Kxg6 30. c4 Rd7 31. c5 Kf7 32. Kf3 Rd5 33. Kf4 Rd8 34. h4 Rd5 35. h5 Rd8 36. Kf3 Rd5 37. Rf4 Ke6 38. Ke4 Rd7 1/2-1/2

[Event "Bad Sooden-Allendorf Seniors op 15th"]
[Site "Bad Sooden-Allendorf"]
[Date "2003.05.02"]
[Round "4"]
[White "Eichhorn, Dietmar"]
[Black "Huhn, Ulrich"]
[Result "1/2-1/2"]
[WhiteElo "1669"]
[BlackElo "1980"]
[PlyCount "99"]
[EventDate "2003.05.??"]
[EventType "swiss"]
[EventRounds "9"]
[EventCountry "GER"]
[SourceTitle "EXT 2006"]
[Source "ChessBase"]
[SourceDate "2005.11.24"]
[SourceVersion "1"]
[SourceVersionDate "2005.11.24"]
[SourceQuality "1"]

1. d4 Nf6 2. Nf3 c6 3. c4 d5 4. e3 Bg4 5. Nc3 e6 6. cxd5 exd5 7. Be2 Bd6 8. h3 Bh5 9. 0-0 Nbd7 10. a3 a5 11. Bd2 0-0 12. Qc2 Re8 13. Na4 Ne4 14. Rfe1 Qf6 15. b4 g5 16. g4 Bg6 17. Qc1 h5 18. Kg2 Kg7 19. Nc5 Bxc5 20. bxc5 Rh8 21. Rh1 Rh6 22. Qe1 hxg4 23. hxg4 Rxh1 24. Kxh1 Rh8+ 25. Kg2 Qe6 26. Nh2 Nxd2 27. Qxd2 a4 28. Rh1 f5 29. f3 fxg4 30. Nxg4 Rxh1 31. Kxh1 Bf5 32. Bd1 Bxg4 33. fxg4 Qe4+ 34. Kh2 Nf6 35. Qe2 Qe6 36. Kg3 Ne4+ 37. Kf3 Qf6+ 38. Kg2 Qe6 39. Bc2 Nf6 40. Bf5 Qe8 41. Qf3 Qa8 42. Qd1 Qa5 43. Qd3 Qa8 44. Qb1 Qb8 45. Qb4 Qa8 46. Qb6 Kh6 47. Qc7 Qa6 48. Qh2+ Kg7 49. Kf3 Qf1+ 50. Qf2 1/2-1/2

[Event "Bad Sooden-Allendorf Seniors op 15th"]
[Site "Bad Sooden-Allendorf"]
[Date "2003.05.01"]
[Round "3"]
[White "Rychlik, Kurt"]
[Black "Eichhorn, Dietmar"]
[Result "0-1"]
[WhiteElo "1833"]
[BlackElo "1669"]
[PlyCount "92"]
[EventDate "2003.05.??"]
[EventType "swiss"]
[EventRounds "9"]
[EventCountry "GER"]
[SourceTitle "EXT 2006"]
[Source "ChessBase"]
[SourceDate "2005.11.24"]
[SourceVersion "1"]
[SourceVersionDate "2005.11.24"]
[SourceQuality "1"]

1. d4 d5 2. c4 e6 3. Nf3 Nf6 4. Nc3 Nbd7 5. a3 Be7 6. Bf4 0-0 7. Rc1 c6 8. e3 dxc4 9. Bxc4 Nd5 10. Bg3 Nxc3 11. Rxc3 Nf6 12. Bd3 Nd5 13. Rc2 Qa5+ 14. Nd2 Qd8 15. 0-0 Bd6 16. e4 Bxg3 17. exd5 Bf4 18. dxc6 bxc6 19. Nf3 Bb7 20. g3 Bg5 21. Be4 Rc8 22. Nxg5 Qxg5 23. Rc5 Qf6 24. Qa4 a6 25. Rfc1 Rfd8 26. Re5 Rd6 27. Qb4 Rd7 28. f4 Qd8 29. f5 Rxd4 30. Qxb7 Rb8 31. Qxc6 Rd1+ 32. Rxd1 Qxd1+ 33. Kf2 Qd4+ 34. Kg2 Qxe5 35. fxe6 Qxe6 36. Qc2 g6 37. b4 Re8 38. Bf3 Rd8 39. a4 Qe3 40. Qe4 Rd2+ 41. Kh3 Qh6+ 42. Qh4 Qxh4+ 43. Kxh4 Rxh2+ 44. Kg4 Rb2 45. b5 axb5 46. axb5 Rxb5 0-1

[Event "Bad Sooden-Allendorf Seniors op 14th"]
[Site "Bad Sooden-Allendorf"]
[Date "2002.04.29"]
[Round "8"]
[White "Eichhorn, Dietmar"]
[Black "Buchholz, Karl Heinz"]
[Result "0-1"]
[WhiteElo "1658"]
[BlackElo "1825"]
[PlyCount "116"]
[EventDate "2002.04.??"]
[EventType "swiss"]
[EventRounds "9"]
[EventCountry "GER"]
[SourceTitle "EXT 2006"]
[Source "ChessBase"]
[SourceDate "2005.11.24"]
[SourceVersion "1"]
[SourceVersionDate "2005.11.24"]
[SourceQuality "1"]

1. d4 Nf6 2. Nf3 g6 3. g3 Bg7 4. Bg2 0-0 5. 0-0 d5 6. Re1 Ne4 7. Nbd2 f5 8. e3 Nd7 9. c3 Rb8 10. Qb3 e6 11. c4 c6 12. cxd5 exd5 13. Qc2 Qf6 14. b3 Qe7 15. Bb2 Ndf6 16. Ne5 Nxd2 17. Qxd2 Ne4 18. Qc2 Be6 19. Nd3 Kh8 20. Rac1 Rbe8 21. Re2 Bc8 22. b4 Nd6 23. Qa4 Nb5 24. Ree1 a6 25. Qc2 Nd6 26. Ba3 Nb5 27. Bb2 Nd6 28. Bc3 Ne4 29. a3 Nxc3 30. Qxc3 h5 31. Qc5 Qd8 32. Nf4 Kh7 33. h3 Rf7 34. Nd3 Bf8 35. Qc3 Bd6 36. Bf3 h4 37. Kg2 hxg3 38. fxg3 Rfe7 39. Nf2 Re6 40. Rc2 Qg5 41. Nh1 Rxe3 42. Rxe3 Rxe3 43. Qd2 Bxg3 44. Nxg3 f4 45. Qf2 Qh4 46. Kg1 Qxg3+ 47. Qxg3 fxg3 48. Bxd5 Bxh3 49. Rc1 Rxa3 50. Bc4 Kh6 51. d5 b5 52. Bf1 Bxf1 53. dxc6 Bh3 54. c7 Bc8 55. Kg2 Rb3 56. Rh1+ Kg7 57. Rc1 Rxb4 58. Kxg3 Rc4 0-1